A Decade of Football - 1990s - Statistics

General Stats
  • This quiz has been taken 34 times
    26 since last reset
  • The average score is 110 of 133
Answer Stats
Year Competition Answer % Correct
1991 Copa América Argentina
100%
1992 Confederations Cup Argentina
100%
1993 Copa América Argentina
100%
1991 La Liga Barcelona
100%
1992 La Liga Barcelona
100%
1992 European Cup Barcelona
100%
1993 La Liga Barcelona
100%
1994 La Liga Barcelona
100%
1997 Cup Winners' Cup Barcelona
100%
1998 La Liga Barcelona
100%
1999 La Liga Barcelona
100%
1990 Bundesliga Bayern Munich
100%
1994 Bundesliga Bayern Munich
100%
1996 UEFA Cup Bayern Munich
100%
1997 Bundesliga Bayern Munich
100%
1999 Bundesliga Bayern Munich
100%
1994 World Cup Brazil
100%
1997 Confederations Cup Brazil
100%
1997 Copa América Brazil
100%
1999 Gold Cup Brazil
100%
1991 UEFA Cup Inter Milan
100%
1994 UEFA Cup Inter Milan
100%
1998 UEFA Cup Inter Milan
100%
1990 UEFA Cup Juventus
100%
1993 UEFA Cup Juventus
100%
1995 Serie A Juventus
100%
1996 Champions League Juventus
100%
1997 Serie A Juventus
100%
1998 Serie A Juventus
100%
1991 Cup Winners' Cup Manchester United
100%
1993 Premier League Manchester United
100%
1994 Premier League Manchester United
100%
1996 Premier League Manchester United
100%
1997 Premier League Manchester United
100%
1999 Premier League Manchester United
100%
1999 Champions League Manchester United
100%
1990 Ligue 1 Marseille
100%
1991 Ligue 1 Marseille
100%
1992 Ligue 1 Marseille
100%
1993 Champions League Marseille
100%
1990 European Cup Milan
100%
1992 Serie A Milan
100%
1993 Serie A Milan
100%
1994 Serie A Milan
100%
1994 Champions League Milan
100%
1996 Serie A Milan
100%
1990 La Liga Real Madrid
100%
1995 La Liga Real Madrid
100%
1997 La Liga Real Madrid
100%
1998 Champions League Real Madrid
100%
1991 First Division Arsenal
95%
1994 Cup Winners' Cup Arsenal
95%
1998 Premier League Arsenal
95%
1995 Premier League Blackburn Rovers
95%
1995 Bundesliga Borussia Dortmund
95%
1996 Bundesliga Borussia Dortmund
95%
1997 Champions League Borussia Dortmund
95%
1998 AFCON Egypt
95%
1996 European Championship Germany
95%
1990 First Division Liverpool
95%
1993 Ligue 1 Marseille (Stripped)
95%
1993 Gold Cup Mexico
95%
1996 Gold Cup Mexico
95%
1998 Gold Cup Mexico
95%
1999 Confederations Cup Mexico
95%
1991 Gold Cup United States
95%
1992 UEFA Cup Ajax
89%
1995 Champions League Ajax
89%
1996 La Liga Atlético Madrid
89%
1996 OFC Nations Cup Australia
89%
1998 Cup Winners' Cup Chelsea
89%
1992 First Division Leeds United
89%
1994 Ligue 1 Paris Saint-Germain
89%
1996 Cup Winners' Cup Paris Saint-Germain
89%
1998 Ballon d'Or Zinedine Zidane
89%
1990 AFCON Algeria
84%
1998 World Cup France
84%
1991 Bundesliga Kaiserslautern
84%
1998 Bundesliga Kaiserslautern
84%
1999 Cup Winners' Cup Lazio
84%
1999 Serie A Milan
84%
1997 Ligue 1 Monaco
84%
1998 OFC Nations Cup New Zealand
84%
1994 AFCON Nigeria
84%
1996 AFCON South Africa
84%
1995 Copa América Uruguay
84%
1990 World Cup West Germany
84%
1992 Asian Cup Japan
79%
1990 Serie A Napoli
79%
1993 Cup Winners' Cup Parma
79%
1995 UEFA Cup Parma
79%
1999 UEFA Cup Parma
79%
1997 Ballon d'Or Ronaldo
79%
1997 European Golden Shoe Ronaldo
79%
1992 Bundesliga Stuttgart
79%
1999 Ligue 1 Bordeaux
74%
1992 European Championship Denmark
74%
1995 Confederations Cup Denmark
74%
1995 Ballon d'Or George Weah
74%
1995 Ligue 1 Nantes
74%
1999 Best European Goalkeeper Oliver Kahn
74%
1991 European Cup Red Star Belgrade
74%
1999 Ballon d'Or Rivaldo
74%
1998 Ligue 1 Lens
68%
1990 Ballon d'Or Lothar Matthäus
68%
1996 Asian Cup Saudi Arabia
68%
1997 UEFA Cup Schalke
68%
1992 Cup Winners' Cup Werder Bremen
68%
1993 Bundesliga Werder Bremen
68%
1992 AFCON Ivory Coast
63%
1992 Ballon d'Or Marco Van Basten
63%
1996 Ballon d'Or Matthias Sammer
63%
1992 Best European Goalkeeper Peter Schmeichel
63%
1993 Best European Goalkeeper Peter Schmeichel
63%
1998 Best European Goalkeeper Peter Schmeichel
63%
1990 Cup Winners' Cup Sampdoria
63%
1991 Serie A Sampdoria
63%
1996 Ligue 1 Auxerre
58%
1990 European Golden Shoe Hristo Stoichkov
58%
1994 Ballon d'Or Hristo Stoichkov
58%
1993 Ballon d'Or Roberto Baggio
58%
1991 Ballon d'Or Jean-Pierre Papin
53%
1995 Best European Goalkeeper Edwin Van Der Sar
47%
1990 European Golden Shoe Hugo Sanchez
37%
1991 Best European Goalkeeper Bodo Illgner
32%
1999 European Golden Shoe Mario Jardel
32%
1996 Best European Goalkeeper Andreas Köpke
26%
1997 Best European Goalkeeper Jens Lehmann
26%
1995 Cup Winners' Cup Real Zaragoza
26%
1990 Best European Goalkeeper Walter Zenga
26%
1994 Best European Goalkeeper Michel Preud'homme
16%
1991 European Golden Shoe Darko Pančev
5%
1998 European Golden Shoe Nikos Machlas
0%
No matching quizzes found
Score Distribution
Percent of People with Each Score
Percentile by Number Answered
Your Score History
You have not taken this quiz since the last reset